MARC

LEADER 00000nam0a2200000 4500
001 208675
005 20231101225459.0
010 |a 033048320X 
035 |a (RuTPU)RU\TPU\book\227911 
090 |a 208675 
100 |a 20120206d2004 m y0engy50 ba 
101 0 |a eng 
102 |a GB 
105 |a y z 000ay 
200 1 |a The Line of Beauty  |f A. Hollinghurst 
210 |a London  |c Picador  |d 2004 
215 |a 501 p. 
606 1 |a Английский язык  |x Учебные руководства и пособия  |x Хрестоматии, книги для чтения  |2 stltpush  |3 (RuTPU)RU\TPU\subj\29075  |9 52487 
610 1 |a английская литература 
610 1 |a романы 
610 1 |a проза 
610 1 |a Букеровская премия 
686 |a Ш143.21-923.8  |v LBC/SL-A  |2 rubbk 
700 1 |a Hollinghurst  |b A.  |g Alan 
801 1 |a RU  |b 63413507  |c 20120206 
801 2 |a RU  |b 63413507  |c 20120208  |g RCR 
942 |c BK